Cargando...
User Fee Impacton Equitable Access to Care: A Review
| Lenguaje: | Undetermined |
|---|---|
| Materias: |
| LEADER | 00471nab a2200133Ia 4500 | ||
|---|---|---|---|
| 008 | 170811c99999999xx |||||||||||| ||und|| | ||
| 245 | |a User Fee Impacton Equitable Access to Care: A Review | ||
| 300 | |a 43- 49 | ||
| 653 | |a Health Management | ||
| 653 | |a User Fee | ||
| 773 | |t Journal of Health Management |g Vol. 14 No. 1 (March) 2012 | ||
| 942 | |c ART | ||
| 999 | |c 177934 |d 177934 | ||
| 952 | |0 0 |1 0 |4 0 |7 0 |9 243782 |a LIB |b LIB |d 2017-08-13 |h Vol. 14 No. 1 (March) 2012 |r 2017-08-13 |w 2017-08-13 |y ART | ||